Normal view
MARC view
Entry Personal Name
001 - CONTROL NUMBER
- control field: 758375
003 - CONTROL NUMBER IDENTIFIER
- control field: OSt
005 - DATE AND TIME OF LATEST TRANSACTION
- control field: 20250508151101.0
008 - FIXED-LENGTH DATA ELEMENTS
- fixed length control field: 250508|| aca||aabn | a|a d
040 ## - CATALOGING SOURCE
- Original cataloging agency: OSt
- Transcribing agency: OSt
100 ## - HEADING--PERSONAL NAME
- Personal name: Daiken Leslie
670 ## - SOURCE DATA FOUND
- Source citation: Work cat.: (OSt)1327485: Daiken Leslie, Children's toys: Throughout the ages, 1953
